[Event "XIX Festival A"]
[Site "Montecatini Terme ITA"]
[Date "2011.08.06"]
[Round "8"]
[White "Capone, Vincenzo"]
[Black "Braga, Fernando Alberto"]
[WhiteElo "2141"]
[BlackElo "2447"]
[Result "0-1"]
[PlyCount "110"]
[EventDate "2011.07.31"]

1. d4 Nf6 2. c4 c5 3. d5 e5 4. Nc3 d6 5. e4 Be7 6. Bd3 O-O 7. h3 Ne8 8. g4 Bg5
9. Nf3 Bxc1 10. Qxc1 Nd7 11. Qe3 a6 12. Ke2 Nc7 13. a4 Nf6 14. Nd2 Bd7 15. Nb3
b6 16. Kd2 Rb8 17. Qe2 Qe7 18. Kc2 Rb7 19. f3 Rfb8 20. Rhb1 Nfe8 21. Qf2 Nf6
22. Qe2 Be8 23. Qf2 Nd7 24. h4 Nf8 25. h5 h6 26. Qe3 Nh7 27. Be2 Ng5 28. Ra2
Bd7 29. Bf1 Ne8 30. Be2 Nf6 31. Bf1 Nfh7 32. Be2 Nh3 33. Bf1 Nf4 34. Ne2 Nxe2
35. Bxe2 Ng5 36. Rh1 Rc7 37. Nd2 Rcb7 38. b3 Qf6 39. Bd3 Ra7 40. Be2 Rab7 41.
Bd3 b5 42. axb5 axb5 43. Rha1 bxc4 44. Bxc4 Bb5 45. Ra8 Bxc4 46. Rxb8+ Rxb8 47.
bxc4 Nh3 48. Ra7 Nf4 49. Ra6 Kh7 50. Ra3 Qh4 51. Rb3 Ra8 52. Ra3 Rxa3 53. Qxa3
Ne2 54. Qa7 Nd4+ 55. Kd3 Qf2 0-1

[Event "XIX Festival A"]
[Site "Montecatini Terme ITA"]
[Date "2011.08.06"]
[Round "8"]
[White "Cerquitella, Luca"]
[Black "Madiai, Federico"]
[WhiteElo "2283"]
[BlackElo "2195"]
[Result "1-0"]
[PlyCount "99"]
[EventDate "2011.07.31"]

1. e4 e5 2. Nf3 Nc6 3. Bc4 Nf6 4. d4 exd4 5. e5 d5 6. Bb5 Ne4 7. Nxd4 Bd7 8.
Bxc6 bxc6 9. Be3 c5 10. Nb3 d4 11. Bf4 Ng5 12. O-O Ne6 13. Bc1 Bb5 14. Re1 c4
15. a4 Ba6 16. Qf3 Bb4 17. Qc6+ Ke7 18. Bd2 Bxd2 19. N3xd2 Qc8 20. Na3 Rb8 21.
Nb5 Rb6 22. Qxc4 c6 23. Nd6 Qb8 24. Qa2 Rxb2 25. Qa3 Qb4 26. Qf3 Rf8 27. Qxc6
Qxd2 28. Nf5+ Kd8 29. Qd6+ Kc8 30. Qxa6+ Kb8 31. Qd6+ Ka8 32. Qc6+ Kb8 33. Reb1
Qb4 34. Qd6+ Qxd6 35. Nxd6 Rxb1+ 36. Rxb1+ Ka8 37. Rb4 f6 38. exf6 Rxf6 39. g3
Ng5 40. Nb5 Rb6 41. f4 Ne6 42. Rc4 Kb7 43. Nxd4 Nc7 44. Nb3 Rd6 45. Kf2 Nd5 46.
Rd4 Kc6 47. Kf3 Re6 48. Rc4+ Kd6 49. Nd4 Re3+ 50. Kf2 1-0

[Event "XIX Festival A"]
[Site "Montecatini Terme ITA"]
[Date "2011.08.06"]
[Round "8"]
[White "Collutiis, Duilio"]
[Black "Stromboli, Carlo"]
[WhiteElo "2468"]
[BlackElo "2304"]
[Result "1-0"]
[PlyCount "133"]
[EventDate "2011.07.31"]

1. g3 Nf6 2. c4 c5 3. Bg2 Nc6 4. Nc3 d6 5. e3 g6 6. Nge2 Bg7 7. O-O O-O 8. b3
Rb8 9. Bb2 Bd7 10. d4 cxd4 11. exd4 Bg4 12. Re1 Qd7 13. Qd2 Qf5 14. f3 Bh3 15.
g4 Bxg4 16. Ng3 Qd7 17. fxg4 Nxg4 18. Nd5 b5 19. h3 Nh6 20. cxb5 Rxb5 21. Rac1
Rxd5 22. Bxd5 Qxh3 23. Qg2 Qxg2+ 24. Kxg2 Nb4 25. Bc4 d5 26. Bf1 Nxa2 27. Ra1
Nb4 28. Rxe7 Nc6 29. Rb7 Ng4 30. Be2 Ne3+ 31. Kf2 Nc2 32. Rc1 N2xd4 33. Bf1 Na5
34. Rxa7 Naxb3 35. Rcc7 Be5 36. Rd7 Nc6 37. Bxe5 Nxe5 38. Rxd5 Nc6 39. Rc7 Ncd4
40. Bc4 Ne6 41. Rc6 Nbd4 42. Rcd6 Rc8 43. Rxd4 Nxd4 44. Rxd4 Rc7 45. Ne4 Kg7
46. Nd6 Ra7 47. Nxf7 Ra4 48. Ke3 Ra1 49. Ng5 Ra3+ 50. Kf4 Ra7 51. Rd8 Kh6 52.
Nf7+ Kg7 53. Ne5 Rc7 54. Rg8+ Kh6 55. Nf7+ Kh5 56. Be2+ Kh4 57. Ng5 Rb7 58.
Nf3+ Kh5 59. Ne5+ Kh6 60. Bc4 Re7 61. Nf7+ Kh5 62. Rg7 g5+ 63. Rxg5+ Kh4 64.
Rg4+ Kh5 65. Rg2 Rxf7+ 66. Bxf7+ Kh6 67. Ba2 1-0

[Event "XIX Festival A"]
[Site "Montecatini Terme ITA"]
[Date "2011.08.06"]
[Round "8"]
[White "Dvirnyy, Danyyil"]
[Black "Bellini, Fabio"]
[WhiteElo "2436"]
[BlackElo "2498"]
[Result "1/2-1/2"]
[PlyCount "72"]
[EventDate "2011.07.31"]

1. c4 e6 2. g3 d5 3. Bg2 Nf6 4. Nf3 Be7 5. O-O O-O 6. b3 c5 7. Bb2 Nc6 8. e3
Re8 9. d3 Bf8 10. Qe2 e5 11. cxd5 Nxd5 12. Nbd2 f6 13. Rfd1 Be6 14. h3 a5 15.
Ne4 a4 16. bxa4 Rxa4 17. a3 Qd7 18. Kh2 b6 19. Qc2 Ra7 20. Rac1 Na5 21. Nfd2
Rc7 22. Nc4 Nb7 23. a4 Rb8 24. Nc3 Nxc3 25. Bxc3 Nd6 26. Rb1 b5 27. axb5 Rxb5
28. Rxb5 Nxb5 29. Ba5 Ra7 30. Rb1 Nd6 31. Bb6 Nxc4 32. dxc4 Qa4 33. Qc3 Rd7 34.
Ra1 Qxc4 35. Qxc4 Bxc4 36. Rc1 Bf7 1/2-1/2

[Event "XIX Festival A"]
[Site "Montecatini Terme ITA"]
[Date "2011.08.06"]
[Round "8"]
[White "Efimov, Igor"]
[Black "Santagati, Alessandro"]
[WhiteElo "2428"]
[BlackElo "2219"]
[Result "0-1"]
[PlyCount "98"]
[EventDate "2011.07.31"]

1. d4 Nf6 2. c4 g6 3. Nc3 Bg7 4. e4 d6 5. Bd3 e5 6. d5 O-O 7. Bg5 h6 8. Bh4 Qe8
9. f3 Nh5 10. Nge2 Nf4 11. Nxf4 exf4 12. Qd2 g5 13. Bf2 Nd7 14. h4 Ne5 15. Be2
a5 16. hxg5 hxg5 17. c5 Qe7 18. cxd6 cxd6 19. Na4 b5 20. Nb6 Rb8 21. Rc1 b4 22.
Qc2 g4 23. Nxc8 Rbxc8 24. Qxc8 Rxc8 25. Rxc8+ Bf8 26. fxg4 Qd7 27. Ra8 Qb7 28.
Ra7 Qc8 29. Kd2 Nc4+ 30. Bxc4 Qxc4 31. Rh5 Qxe4 32. Kc1 Qc4+ 33. Kd2 Qe4 34.
Kc1 Qe2 35. Bb6 Qb5 36. Ra8 Qf1+ 37. Kc2 Qxg2+ 38. Kb3 Qxg4 39. Rh6 Qf3+ 40.
Ka4 Qxd5 41. Rb8 Qxa2+ 42. Kb5 Qd5+ 43. Ka6 a4 44. Rh4 f5 45. Rxf4 a3 46. bxa3
bxa3 47. Ra4 a2 48. Ka7 Qb3 49. Ra5 Qb2 0-1

[Event "XIX Festival A"]
[Site "Montecatini Terme ITA"]
[Date "2011.08.06"]
[Round "8"]
[White "Nannelli, Paolo"]
[Black "Bruno, Fabio"]
[WhiteElo "2224"]
[BlackElo "2466"]
[Result "0-1"]
[PlyCount "108"]
[EventDate "2011.07.31"]

1. b4 d5 2. Bb2 Nf6 3. e3 e6 4. b5 c5 5. Nf3 Nbd7 6. c4 Bd6 7. d3 dxc4 8. dxc4
Qc7 9. Nbd2 b6 10. Qc2 Bb7 11. Be2 h6 12. h3 O-O 13. O-O Rad8 14. Bc3 Rfe8 15.
Rfd1 e5 16. e4 Nf8 17. Bf1 Ne6 18. Re1 Nd4 19. Qb1 Bf8 20. Bxd4 cxd4 21. Bd3
Nd7 22. a3 Nc5 23. Qc2 Rc8 24. a4 Nxd3 25. Qxd3 Bb4 26. Re2 a6 27. Rb1 Bc3 28.
g4 axb5 29. cxb5 f6 30. Rc1 Qf7 31. Nb1 Red8 32. Nh4 Qc4 33. Qxc4+ Rxc4 34.
Nxc3 Rxc3 35. Rd1 Rxh3 36. Nf5 Rc3 37. Ng3 Bc8 38. Nf5 Bxf5 39. exf5 Rc4 40. f4
exf4 41. Re6 Rxa4 42. Rxb6 Rb4 43. Kf2 Kh7 44. Rd3 Rd5 45. Kf3 Rb1 46. Kxf4
Rf1+ 47. Kg3 h5 48. Kg2 Rf4 49. gxh5 Rfxf5 50. Re6 Rxb5 51. Rxd4 Rg5+ 52. Kh3
Rxh5+ 53. Rh4 Rb3+ 54. Kg4 Rb4+ 0-1

[Event "XIX Festival A"]
[Site "Montecatini Terme ITA"]
[Date "2011.08.06"]
[Round "8"]
[White "Rombaldoni, Denis"]
[Black "Bentivegna, Francesco"]
[WhiteElo "2495"]
[BlackElo "2330"]
[Result "1/2-1/2"]
[PlyCount "214"]
[EventDate "2011.07.31"]

1. d4 e6 2. c4 f5 3. Nf3 Nf6 4. g3 Be7 5. Bg2 O-O 6. O-O d6 7. b3 Ne4 8. Bb2
Nd7 9. Qc2 Qe8 10. Ne1 Ndf6 11. Nd3 Bd7 12. f3 Ng5 13. Nd2 Qh5 14. Nf2 Nf7 15.
e4 e5 16. dxe5 Nxe5 17. Bxe5 dxe5 18. exf5 Bxf5 19. Qc3 Bc5 20. Qxe5 b6 21. Kh1
Rae8 22. Qxc7 Bd4 23. Rae1 Rxe1 24. Rxe1 Bxf2 25. Re2 Bc5 26. g4 Bxg4 27. fxg4
Nxg4 28. Bf3 Qh4 29. Qg3 Qxg3 30. hxg3 Nf6 31. Bc6 g5 32. Nf3 h6 33. Kg2 Kg7
34. Rd2 Rf7 35. Nd4 Ng4 36. Ne6+ Kf6 37. Nxc5 bxc5 38. Kf3 h5 39. Ke4 Re7+ 40.
Kd5 Re5+ 41. Kd6 Nh6 42. Bd7 Nf7+ 43. Kc6 Re3 44. Kxc5 Rxg3 45. Be8 Ke7 46.
Bxf7 Kxf7 47. Kb4 Re3 48. c5 g4 49. c6 Re8 50. Kc5 Kf6 51. c7 Rc8 52. Kc6 h4
53. Rd8 Rxc7+ 54. Kxc7 g3 55. Rg8 Ke5 56. b4 Kf4 57. Rh8 g2 58. Rxh4+ Kf5 59.
Rh5+ Kf6 60. Rh6+ Kf7 61. Ra6 g1=Q 62. Kb7 Qd4 63. a3 Qd7+ 64. Kb8 Qb5+ 65.
Kxa7 Ke7 66. Ra5 Qd7+ 67. Kb6 Kd6 68. Rc5 Qe8 69. Kb7 Qa4 70. Ra5 Qd7+ 71. Kb6
Qc7+ 72. Ka6 Qb8 73. Rc5 Qa8+ 74. Kb6 Qxa3 75. Rc6+ Kd7 76. b5 Qa4 77. Kc5 Qa7+
78. Kc4 Qa3 79. Ra6 Qc1+ 80. Kb4 Qd2+ 81. Kc4 Kc7 82. Rc6+ Kb7 83. Ra6 Qb2 84.
Rc6 Qc2+ 85. Kb4 Qe4+ 86. Kc5 Qe5+ 87. Kc4 Qb2 88. Ra6 Qb1 89. Rc6 Qa2+ 90. Kb4
Qa7 91. Rc4 Qe3 92. Rc6 Qd4+ 93. Kb3 Qe4 94. Ka3 Qb1 95. Ka4 Qb2 96. Ra6 Qd4+
97. Kb3 Qc5 98. Ka4 Qc4+ 99. Ka5 Qd4 100. Rc6 Qe3 101. Kb4 Qd4+ 102. Kb3 Qe4
103. Ka3 Qe1 104. Ka4 Qb1 105. Ka5 Qe1+ 106. Ka4 Qa1+ 107. Kb4 Qd4+ 1/2-1/2

[Event "XIX Festival A"]
[Site "Montecatini Terme ITA"]
[Date "2011.08.06"]
[Round "8"]
[White "Spornberger, Andre"]
[Black "Contin, Daniel"]
[WhiteElo "1897"]
[BlackElo "2319"]
[Result "0-1"]
[PlyCount "82"]
[EventDate "2011.07.31"]

1. e4 c5 2. Nc3 Nc6 3. f4 g6 4. Nf3 Bg7 5. Bb5 d6 6. Bxc6+ bxc6 7. d3 Rb8 8.
O-O Qb6 9. Kh1 Nf6 10. Qe1 Nd7 11. h3 Qa5 12. Bd2 Rxb2 13. Nd1 Rb4 14. Bxb4
cxb4 15. Rb1 c5 16. Ne3 Qxa2 17. Qf2 Qa5 18. Nc4 Qc7 19. e5 O-O 20. exd6 exd6
21. Qg3 Nb6 22. Nxb6 Qxb6 23. Qh4 a5 24. g4 Qd8 25. Qg3 a4 26. Nd2 Bb7+ 27. Kh2
a3 28. Nb3 Re8 29. Rbe1 Bc3 30. Rxe8+ Qxe8 31. Qf2 Qe6 32. Kg3 Bd5 33. Na1 h6
34. g5 hxg5 35. Kh2 gxf4 36. Qh4 Bxa1 37. Re1 Qxe1 38. Qxe1 Bc3 39. Qe8+ Kg7
40. h4 a2 41. h5 a1=Q 0-1

[Event "XIX Festival A"]
[Site "Montecatini Terme ITA"]
[Date "2011.08.07"]
[Round "9"]
[White "Bellini, Fabio"]
[Black "Mogranzini, Roberto"]
[WhiteElo "2498"]
[BlackElo "2433"]
[Result "1-0"]
[PlyCount "47"]
[EventDate "2011.07.31"]

1. e4 c5 2. Nf3 d6 3. c3 Nf6 4. h3 Nc6 5. Bd3 d5 6. e5 Nd7 7. Bb5 e6 8. O-O Be7
9. d4 Qb6 10. Ba4 h6 11. Re1 g5 12. a3 Qa6 13. dxc5 Nxc5 14. Bc2 Nd7 15. b4 Qb6
16. c4 dxc4 17. Nbd2 Qc7 18. Nxc4 Nxb4 19. Nd6+ Bxd6 20. exd6 Qxc2 21. Qd4 Rg8
22. axb4 g4 23. hxg4 b6 24. Qd5 1-0

[Event "XIX Festival A"]
[Site "Montecatini Terme ITA"]
[Date "2011.08.07"]
[Round "9"]
[White "Bentivegna, Francesco"]
[Black "Collutiis, Duilio"]
[WhiteElo "2330"]
[BlackElo "2468"]
[Result "0-1"]
[PlyCount "76"]
[EventDate "2011.07.31"]

1. e4 c5 2. Nc3 Nc6 3. f4 e6 4. Nf3 Nf6 5. d3 d5 6. Be2 b5 7. e5 Ng8 8. O-O b4
9. Nb1 a5 10. Kh1 Nh6 11. c3 Ba6 12. Qe1 Be7 13. Ng5 O-O 14. Qg3 Nf5 15. Qh3
Bxg5 16. fxg5 Nxe5 17. Nd2 Ne7 18. Nf3 N5g6 19. Be3 Rc8 20. g4 e5 21. Rae1 d4
22. cxd4 cxd4 23. Bd2 Bb7 24. Kg1 Nd5 25. Qg3 Qc7 26. Bd1 Ne3 27. Bxe3 dxe3 28.
Rxe3 Qb6 29. Qf2 f6 30. Bb3+ Kh8 31. Ree1 Qc6 32. Qg3 fxg5 33. Bd1 Rf4 34. h3
Nh4 35. Re3 Rcf8 36. Kh2 Nxf3+ 37. Bxf3 Rxf3 38. Rexf3 Rxf3 0-1

[Event "XIX Festival A"]
[Site "Montecatini Terme ITA"]
[Date "2011.08.07"]
[Round "9"]
[White "Contin, Daniel"]
[Black "Rombaldoni, Denis"]
[WhiteElo "2319"]
[BlackElo "2495"]
[Result "0-1"]
[PlyCount "64"]
[EventDate "2011.07.31"]

1. Nf3 Nf6 2. c4 e6 3. g3 d5 4. b3 a5 5. Bg2 a4 6. Na3 Be7 7. O-O O-O 8. Bb2 c6
9. d3 Qa5 10. Nc2 a3 11. Bc1 b5 12. Bd2 Qa6 13. cxb5 Qxb5 14. b4 c5 15. bxc5
Bxc5 16. Rb1 Qa6 17. Bb4 Bxb4 18. Rxb4 Qd6 19. Qd2 Bd7 20. Rfb1 Nc6 21. R4b3
Rfc8 22. Rc3 e5 23. Qc1 e4 24. Nfe1 h5 25. Rxa3 Nd4 26. Nxd4 Qxa3 27. Qg5 Qxa2
28. Rc1 Qb2 29. Nec2 Ra4 30. Re1 Rxd4 31. Nxd4 Qxd4 32. dxe4 dxe4 0-1

[Event "XIX Festival A"]
[Site "Montecatini Terme ITA"]
[Date "2011.08.07"]
[Round "9"]
[White "Efimov, Igor"]
[Black "Locci, Damiano"]
[WhiteElo "2428"]
[BlackElo "2167"]
[Result "1-0"]
[PlyCount "77"]
[EventDate "2011.07.31"]

1. d4 d5 2. Nf3 Nc6 3. c4 Bg4 4. cxd5 Bxf3 5. gxf3 Qxd5 6. e3 e5 7. Nc3 Bb4 8.
Bd2 Bxc3 9. bxc3 Qd6 10. Rb1 O-O-O 11. Qb3 b6 12. Qxf7 Nf6 13. Bh3+ Kb8 14. O-O
Rhe8 15. Kh1 Na5 16. c4 Re7 17. c5 Rxf7 18. cxd6 Nc4 19. Bc3 exd4 20. Bxd4 Rxd6
21. Rfd1 Nd7 22. f4 g5 23. Rbc1 b5 24. fxg5 Rxf2 25. Bxa7+ Kxa7 26. Rxd6 cxd6
27. Bxd7 Ne5 28. Bh3 Nf3 29. Bg2 Nxg5 30. h4 Nf3 31. Rc7+ Kb6 32. Rf7 Rxg2 33.
Kxg2 Nxh4+ 34. Kf2 Kc5 35. Ke2 h6 36. Rf6 Kd5 37. Kf2 Ke5 38. Rf4 Nf5 39. Rb4
1-0

[Event "XIX Festival A"]
[Site "Montecatini Terme ITA"]
[Date "2011.08.07"]
[Round "9"]
[White "Laketic, Gojko"]
[Black "Dvirnyy, Danyyil"]
[WhiteElo "2439"]
[BlackElo "2436"]
[Result "1/2-1/2"]
[PlyCount "24"]
[EventDate "2011.07.31"]

1. d4 d5 2. Nf3 Nf6 3. c4 c6 4. cxd5 cxd5 5. Nc3 Nc6 6. Bf4 a6 7. e3 Bg4 8. Be2
e6 9. h3 Bxf3 10. Bxf3 Bd6 11. Bg5 Be7 12. Bxf6 gxf6 1/2-1/2

[Event "XIX Festival A"]
[Site "Montecatini Terme ITA"]
[Date "2011.08.07"]
[Round "9"]
[White "Spornberger, Maximilian"]
[Black "Stromboli, Ettore"]
[WhiteElo "2155"]
[BlackElo "2304"]
[Result "1/2-1/2"]
[PlyCount "67"]
[EventDate "2011.07.31"]

1. e4 e6 2. d3 d5 3. Nd2 Nf6 4. Ngf3 c5 5. g3 b6 6. Bg2 Bb7 7. O-O Nc6 8. Re1
Be7 9. c3 Qc7 10. a3 O-O 11. e5 Nd7 12. Qe2 b5 13. Nf1 b4 14. Bf4 bxc3 15. bxc3
Rab8 16. h4 Ba6 17. Ne3 Nb6 18. Ng5 h6 19. Qh5 Bxd3 20. Ng4 Bxg5 21. hxg5 Bg6
22. Qh4 h5 23. Nf6+ gxf6 24. gxf6 Rfd8 25. g4 Kf8 26. gxh5 Bf5 27. Qg5 Ke8 28.
Qg8+ Kd7 29. Qxf7+ Kc8 30. Qg7 Kb7 31. Bh6 Rh8 32. f7 Rxh6 33. Qxh6 Qxf7 34. f4
1/2-1/2

[Event "XIX Festival A"]
[Site "Montecatini Terme ITA"]
[Date "2011.08.07"]
[Round "9"]
[White "Stromboli, Carlo"]
[Black "Passerotti, Pierluigi"]
[WhiteElo "2304"]
[BlackElo "2264"]
[Result "1/2-1/2"]
[PlyCount "86"]
[EventDate "2011.07.31"]

1. e4 Nc6 2. Nc3 e5 3. Nf3 Nf6 4. g3 Bc5 5. Bg2 d6 6. d3 O-O 7. Bg5 h6 8. Bd2
a6 9. h3 d5 10. O-O dxe4 11. Nxe4 Nxe4 12. dxe4 Be6 13. Qe2 Qd7 14. Rad1 Qc8
15. Kh2 b5 16. b3 Qb7 17. Bc3 f6 18. Rd2 b4 19. Bb2 Rad8 20. Rfd1 Qb6 21. Bf1
Bxf2 22. Rxd8 Nxd8 23. Qxa6 Qxa6 24. Bxa6 Nf7 25. Bd3 Ra8 26. Ra1 Nd6 27. c3 c5
28. Bc2 Nb5 29. cxb4 cxb4 30. Bd3 Bd4 31. Nxd4 Nxd4 32. Kg2 Kf7 33. g4 Ke7 34.
Kf2 Kd6 35. Ke3 Kc5 36. Rc1+ Kb6 37. Bxd4+ exd4+ 38. Kxd4 Rxa2 39. Bc4 Bd7 40.
e5 fxe5+ 41. Kxe5 Rh2 42. Rd1 Bc6 43. Rd6 Kc5 1/2-1/2